000 00349nam a2200133Ia 4500
008 200619s9999 xx 000 0 und d
020 _a9800000000000
100 _aMandela Nelson
245 0 _aConversations with Myself
264 _bPan Macmillan
_c2010
300 _a455
942 _cIR
999 _c120278
_d120278